[Event "Titled Tue 3rd Jan Late"]
[Site "chess.com INT"]
[Date "2025.06.03"]
[Round "7"]
[White "Zhigalko, Sergei"]
[Black "Kislinsky, Alexey"]
[Result "1-0"]
[WhiteTitle "GM"]
[BlackTitle "GM"]
[WhiteElo "2572"]
[BlackElo "2350"]
[WhiteFideId "13502956"]
[BlackFideId "14108801"]
[EventDate "2025.06.03"]

1. e4 c6 2. d4 d5 3. e5 Bf5 4. Nf3 e6 5. Be2 Nd7 6. O-O a6 7. Nbd2 h6 8. a4 Rc8
9. a5 c5 10. c4 Ne7 11. Re1 Bh7 12. dxc5 Nxc5 13. b4 Nd3 14. Bxd3 Bxd3 15. c5
Nc6 16. Qb3 Bg6 17. Bb2 Be7 18. Nd4 Nxd4 19. Bxd4 O-O 20. Nf3 Be4 21. Nd2 Bg6
22. Qc3 Qd7 23. Nb3 Rfd8 24. Be3 Kh7 25. Nd4 Qc7 26. Qd2 Bf8 27. Bf4 Qd7 28. Ra3
Re8 29. h4 Kh8 30. Rh3 Bh7 31. h5 Be7 32. Ree3 Rg8 33. Ra3 Rcf8 34. Rhe3 Rc8 35.
Qe2 Qd8 36. Qg4 Qd7 37. Rf3 Be4 38. Rg3 Bh7 39. Rh3 Be4 40. Bg3 Bh7 41. Bh4 Bxh4
42. Qxh4 Rcf8 43. Rhf3 Be4 44. Rfe3 f6 45. Qg3 Rf7 46. f3 Bh7 47. Qh2 fxe5 48.
Qxe5 Rf6 49. Re1 Re8 50. Re2 Bg8 51. Ra1 Qf7 52. Rae1 Re7 53. Re3 Re8 54. R1e2
Re7 55. Kf2 Re8 56. Ke1 Re7 57. Kd2 Re8 58. g3 Qd7 59. Ra3 Qf7 60. Ke1 Qd7 61.
Kf2 Qf7 62. Kg2 Qd7 63. Kh2 Qf7 64. Rae3 Qd7 65. Qd6 Qf7 66. Qe5 Qd7 67. g4 Qf7
68. Kg3 Re7 69. f4 Bh7 70. Rf2 Bg8 71. f5 Re8 72. fxe6 Qe7 73. Nf5 Qf8 74. e7
Qf7 75. Nd6 Rxf2 76. Nxf7+ Rxf7 77. Qd6 Bh7 78. Qd8 Bg8 79. Qxe8 Rf3+ 80. Kxf3
d4 81. Qxg8+ Kxg8 82. e8=Q+ Kh7 83. Qg6+ Kh8 84. Re8# 1-0

[Event "Titled Tue 3rd Jan Late"]
[Site "chess.com INT"]
[Date "2025.06.03"]
[Round "7"]
[White "Popov, Konstantin"]
[Black "Sarana, Alexey"]
[Result "0-1"]
[WhiteTitle "FM"]
[BlackTitle "GM"]
[WhiteElo "2378"]
[BlackElo "2686"]
[WhiteFideId "34137910"]
[BlackFideId "24133795"]
[EventDate "2025.06.03"]

1. e4 e5 2. Nf3 Nc6 3. Bb5 a6 4. Ba4 Nge7 5. Nc3 Ng6 6. h4 h5 7. d3 d6 8. Bg5 f6
9. Be3 Bg4 10. Qd2 Be7 11. Nd5 O-O 12. c3 f5 13. Bb3 Kh8 14. Bg5 fxe4 15. dxe4
Na5 16. Nxe7 Nxe7 17. Bd1 Qe8 18. Bxe7 Qxe7 19. Ng5 Nc4 20. Qc2 Bxd1 21. Rxd1 g6
22. b3 Nb6 23. Rh3 Rf6 24. Rf3 Raf8 25. Rdd3 Nd7 26. b4 Rxf3 27. Rxf3 Rxf3 28.
Nxf3 Nf8 29. g3 Ne6 30. Qd3 Kg7 31. a4 Qe8 32. a5 Kf6 33. Qd5 Qa4 34. Qd2 Qa1+
35. Ke2 Qb1 36. Ng5 Ke7 37. f3 Nd8 38. Qd3 Qb2+ 39. Qd2 Qb3 40. Nh7 Qc4+ 41. Kf2
Nf7 42. Ng5 Nd8 43. Nh7 Ne6 44. Ng5 Nf8 45. f4 Nd7 46. Kf3 Nf6 47. Kg2 Nxe4 48.
Qe3 Qa2+ 49. Kg1 Qb1+ 50. Kg2 Qc2+ 51. Kg1 Qd1+ 52. Kg2 Qd2+ 53. Qxd2 Nxd2 54.
fxe5 dxe5 55. Kf2 Nb1 56. Ne4 Na3 57. Ke3 b6 58. axb6 cxb6 59. Kd3 Nb5 60. c4
Nd6 61. Nc3 Ke6 62. c5 bxc5 63. bxc5 Nb5 64. Ne4 Kd5 65. Ke3 Nd4 66. Nf6+ Kxc5
67. Ke4 Nc6 68. Nd7+ Kc4 69. Nf8 a5 70. Nxg6 a4 71. g4 a3 72. gxh5 a2 73. h6
a1=Q 74. h7 Qb1+ 75. Ke3 Qd3+ 76. Kf2 Qf5+ 77. Ke1 Qxg6 78. h8=Q Kd3 79. Kf2
Qf5+ 80. Kg1 Nd4 81. Qg7 Ne2+ 82. Kh2 Qf4+ 83. Kh3 Qf3+ 84. Kh2 Qf2+ 85. Kh3
Ng1+ 0-1

[Event "Titled Tue 3rd Jan Late"]
[Site "chess.com INT"]
[Date "2025.06.03"]
[Round "7"]
[White "Sadubayev, Airat"]
[Black "Elier, Ali"]
[Result "1/2-1/2"]
[WhiteTitle "FM"]
[BlackTitle "CM"]
[WhiteElo "2211"]
[BlackElo "2142"]
[WhiteFideId "13713264"]
[BlackFideId "16217543"]
[EventDate "2025.06.03"]

1. d4 Nf6 2. c4 g6 3. Nc3 d5 4. cxd5 Nxd5 5. e4 Nxc3 6. bxc3 Bg7 7. Nf3 c5 8.
Bb5+ Bd7 9. Rb1 O-O 10. O-O cxd4 11. cxd4 Bxb5 12. Rxb5 Qd7 13. Qb3 b6 14. d5
Na6 15. Be3 Nc7 16. Rb4 e6 17. Rd1 exd5 18. exd5 Rac8 19. Bd4 Qxd5 20. Rc4 b5
21. Rcc1 Qxb3 22. axb3 Ne6 23. Bxa7 Rxc1 24. Rxc1 Ra8 25. Be3 Bb2 26. Rb1 Bf6
27. h4 h5 28. Nd2 Bxh4 29. Ne4 Be7 30. Nc3 Rb8 31. Rd1 Bc5 32. Bxc5 Nxc5 33. b4
Na4 34. Nxa4 bxa4 35. Rb1 Kf8 36. b5 Ke7 37. b6 a3 38. Ra1 Rxb6 39. Rxa3 Rb2 40.
g3 Kf6 41. Kg2 Kg5 42. Ra5+ f5 43. Ra4 Rb6 44. Rc4 Re6 45. Ra4 Re4 46. Ra6 h4
47. gxh4+ Rxh4 48. Rb6 Rg4+ 49. Kf3 Ra4 50. Kg2 Kh5 51. Rc6 g5 52. Rb6 Kg4 53.
Rb8 Rd4 54. Ra8 Kf4 55. Rb8 g4 56. Ra8 Rd2 57. Ra4+ Kg5 58. Ra5 Rb2 59. Rc5 Ra2
60. Rb5 Ra4 61. Rc5 Rf4 62. Ra5 Kh4 63. Ra8 Rb4 64. Rh8+ Kg5 65. Rg8+ Kf4 66.
Ra8 Rb2 67. Ra4+ Kg5 68. Ra5 Rb8 69. Rc5 Rf8 70. Ra5 Kh4 71. Rb5 f4 72. Rb7 f3+
73. Kh2 Rf6 74. Rg7 Ra6 75. Rh7+ Kg5 76. Kg3 Ra1 77. Rg7+ Kf5 78. Rf7+ Kg6 79.
Rf4 Rg1+ 80. Kh4 Rg2 81. Rxg4+ Kf5 82. Ra4 Rg8 83. Kh3 Rg2 84. Rb4 Rxf2 85. Kg3
Rf1 86. Rf4+ Kg5 87. Rxf3 Rxf3+ 88. Kxf3 1/2-1/2

[Event "Titled Tue 3rd Jan Late"]
[Site "chess.com INT"]
[Date "2025.06.03"]
[Round "7"]
[White "Chelly, Yahya"]
[Black "Andrews, Todd"]
[Result "1/2-1/2"]
[WhiteTitle "CM"]
[BlackTitle "FM"]
[WhiteElo "2039"]
[BlackElo "2097"]
[WhiteFideId "5516200"]
[BlackFideId "2012456"]
[EventDate "2025.06.03"]

1. d4 Nf6 2. c4 c5 3. dxc5 e6 4. Nf3 Bxc5 5. e3 O-O 6. Be2 b6 7. O-O Bb7 8. a3
Be7 9. b4 d6 10. Bb2 Nbd7 11. Nc3 a6 12. Rc1 Rc8 13. Qb3 Rc7 14. Rfd1 Qa8 15.
Qa2 Rfc8 16. Nb1 Ng4 17. Nbd2 Bf8 18. h3 Ngf6 19. Ne1 Ne5 20. Bxe5 dxe5 21. Bf3
e4 22. Be2 a5 23. Qb3 Nd7 24. Nc2 Ne5 25. Nd4 Rd7 26. Bf1 Rcd8 27. Nb1 Qb8 28.
Nc3 axb4 29. axb4 Ng6 30. Na4 e5 31. Nb5 Rxd1 32. Rxd1 Rxd1 33. Qxd1 Bxb4 34.
Nxb6 Bc6 35. Nd5 Bc5 36. Nbc3 f5 37. Qb1 Qd8 38. Qb3 Nh4 39. Ne2 Qg5 40. Ng3 h6
41. Qb8+ Kh7 42. Qxe5 f4 43. Qxf4 Qxf4 44. Nxf4 g5 45. Nd5 Kg7 46. Be2 Ng6 47.
Bg4 Ne5 48. Bf5 Nxc4 49. Bxe4 Bxd5 50. Bxd5 Bd6 51. Bf3 Nd2 52. Ne4 Nxf3+ 53.
gxf3 Be7 54. Kf1 Kg6 55. Kg2 Kh5 56. Nd2 Kg6 57. Nf1 h5 58. Ng3 Bd6 59. Ne4 Be5
60. Nc5 Kf5 61. Nd3 Bd6 62. e4+ Kg6 63. Kf1 h4 64. Kg2 Bc7 65. Nc5 Bb6 66. Nb3
Kf6 67. Nd2 Ke5 68. Nc4+ Kf4 69. Nd2 Bd4 70. Nf1 Ke5 71. Nh2 Kf4 72. Kf1 Bc3 73.
Ke2 Bd4 74. Ng4 Bc5 75. e5 Kf5 76. Kd3 Bb6 77. Kc4 Kf4 78. Kd5 Kxf3 79. e6 Bd8
80. Kd6 Kg2 81. Kd7 Kxh3 82. Kxd8 Kxg4 83. e7 h3 84. e8=Q h2 85. Qh8 Kf3 86.
Qh5+ g4 87. Qh4 Kg2 88. Qg3+ Kh1 89. Qh4 Kg2 90. Qg3+ Kh1 91. Qh4 Kg1 92. Qxg4+
Kxf2 93. Qh3 Kg1 94. Qh8 h1=Q 95. Qg7+ Qg2 96. Qxg2+ Kxg2 1/2-1/2

[Event "Titled Tue 3rd Jan Late"]
[Site "chess.com INT"]
[Date "2025.06.03"]
[Round "7"]
[White "Schnaider, Ilan"]
[Black "Gyurjinyan, Valter"]
[Result "1-0"]
[WhiteTitle "IM"]
[BlackTitle "CM"]
[WhiteElo "2388"]
[BlackElo "2208"]
[WhiteFideId "169013"]
[BlackFideId "13318179"]
[EventDate "2025.06.03"]

1. d4 Nf6 2. Nc3 d5 3. Bf4 c5 4. e4 Nxe4 5. Nxe4 dxe4 6. dxc5 Qa5+ 7. c3 Qxc5 8.
Qa4+ Nc6 9. Qxe4 g6 10. Be2 Bg7 11. Rd1 O-O 12. Nf3 Qb6 13. Qc2 Bf5 14. Qc1 Rac8
15. O-O Nb4 16. Be3 Qe6 17. Nd4 Bxd4 18. Rxd4 Nc2 19. Rh4 Nxe3 20. fxe3 Be4 21.
Bg4 f5 22. Bd1 Bd5 23. Re1 Qf6 24. Rd4 Bc6 25. Bb3+ Kh8 26. Qd2 e5 27. Rd6 Qg5
28. Bd5 f4 29. exf4 Rxf4 30. Bxc6 bxc6 31. Qe2 Rcf8 32. Rdd1 e4 33. Rd4 Qc5 34.
h3 R8f7 35. Kh1 Qf5 36. Rxe4 Rf2 37. Re8+ Kg7 38. Qe3 c5 39. Re5 Rf1+ 40. Kh2
Rxe1 41. Qxe1 Qf4+ 42. Kg1 c4 43. Re4 Qc7 44. Qe3 h5 45. Qd4+ Kh7 46. Qe3 Qd7
47. Qe2 Qb7 48. Rxc4 Qb6+ 49. Rd4 Qb7 50. Kh2 a5 51. a4 Qc7+ 52. Kg1 Re7 53. Re4
Rd7 54. Kh1 Qb7 55. Re3 Qc7 56. c4 Rf7 57. Rf3 Re7 58. Re3 Rf7 59. b3 Qb6 60.
Re7 Rxe7 61. Qxe7+ Kh6 62. Qa3 Qe3 63. Qa1 Qxb3 64. Qc1+ Kh7 65. c5 Qf7 66. c6
Qc7 67. Qc5 h4 68. Qd5 Qf4 69. Qd7+ Kh6 70. Qd1 Qc7 71. Qc1+ g5 72. Kg1 Qb6+ 73.
Kf1 Qc7 74. Ke2 Qe7+ 75. Qe3 Qc7 76. Qe6+ Kh5 77. Qg4+ Kg6 78. Qe6+ Kh5 79. Kd3
Qd8+ 80. Qd7 Qg8 81. c7 Qb3+ 82. Ke4 Qc4+ 83. Ke5 Qc5+ 84. Ke6 Qc4+ 85. Kf6 Qg4
86. hxg4+ Kh6 87. Qg7# 1-0

[Event "Titled Tue 3rd Jan Late"]
[Site "chess.com INT"]
[Date "2025.06.03"]
[Round "7"]
[White "Torosyan, Volodya"]
[Black "Kravtsiv, Martyn"]
[Result "0-1"]
[WhiteTitle "CM"]
[BlackTitle "GM"]
[WhiteElo "2186"]
[BlackElo "2598"]
[WhiteFideId "13319051"]
[BlackFideId "14113147"]
[EventDate "2025.06.03"]

1. c4 e6 2. Nc3 d5 3. e3 Nf6 4. Nf3 b6 5. b3 Bb7 6. Bb2 Bd6 7. Be2 O-O 8. O-O
dxc4 9. bxc4 c5 10. Nb5 Be7 11. Ne5 Nc6 12. Bf3 Qc8 13. Nxc6 Bxc6 14. Be5 Qb7
15. Bxc6 Qxc6 16. Qf3 Qxf3 17. gxf3 Rfd8 18. Rfd1 Nd7 19. Bg3 a6 20. Na3 Rdc8
21. Rab1 Kf8 22. Kf1 Ke8 23. Ke2 h5 24. h3 e5 25. f4 e4 26. f3 exf3+ 27. Kxf3 f5
28. d3 b5 29. e4 b4 30. Nc2 a5 31. Ne3 fxe4+ 32. dxe4 Nb6 33. f5 a4 34. e5 a3
35. e6 Bf6 36. Ke4 Bd4 37. Rdc1 Bxe3 38. Kxe3 Rc6 39. Ke4 g6 40. fxg6 Ke7 41.
Bh4+ Kxe6 42. Rb3 Rg8 43. Rg3 Kd7 44. Rd1+ Kc8 45. g7 Re6+ 46. Kf5 Ree8 47. Rc1
Kb7 48. Kg6 Re4 49. Bf6 Nxc4 50. Rxc4 Rxc4 51. Kf7 Rc8 52. g8=Q Rxg8 53. Kxg8
Rc2 54. Be7 Kc6 55. Rg6+ Kb5 56. Rg5 Rxa2 57. Rxc5+ Ka4 58. Rc8 Rg2+ 59. Kh7 a2
60. Ra8+ Kb3 61. Kh6 Rg1 62. Bf6 Rf1 63. Bg7 Rg1 64. Bh8 h4 65. Kh5 Rc1 66. Kxh4
Rc3 67. Kg5 Kb2 68. Rb8 a1=Q 69. Rxb4+ Kc2 70. Bxc3 Qxc3 71. Rg4 Qe3+ 72. Kh4
Qh6+ 73. Kg3 Kd3 74. h4 Ke3 75. Rg5 Qd6+ 76. Kg4 Qf6 77. Kh5 Kf4 78. Rg4+ Kf3
79. Rg5 Qe6 80. Rg6 Qf7 81. Kg5 Qf4+ 82. Kh5 Qf5+ 83. Rg5 Qf8 84. Kg6 Qg8+ 85.
Kh6 Qh8+ 86. Kg6 Qxh4 87. Rf5+ Ke4 88. Rf7 Qg4+ 89. Kf6 Qf5+ 90. Ke7 Qg5+ 91.
Ke6 Qg4+ 92. Ke7 Ke5 93. Rf8 Qe6+ 94. Kd8 Qd6+ 95. Ke8 Qc6+ 96. Ke7 Qb7+ 97. Kd8
Ke6 0-1

[Event "Titled Tue 3rd Jan Late"]
[Site "chess.com INT"]
[Date "2025.06.03"]
[Round "7"]
[White "Pereyra, Horacio"]
[Black "Ferriz Barrios, Andres"]
[Result "1/2-1/2"]
[BlackTitle "FM"]
[WhiteElo "2133"]
[BlackElo "2102"]
[WhiteFideId "113700"]
[BlackFideId "5104467"]
[EventDate "2025.06.03"]

1. d4 Nf6 2. Nc3 e6 3. e4 Bb4 4. Bg5 h6 5. Bxf6 gxf6 6. Nf3 c5 7. Qd3 cxd4 8.
Nxd4 Nc6 9. Nb5 a6 10. Nd6+ Ke7 11. Nc4 b5 12. Ne3 Bxc3+ 13. Qxc3 Qa5 14. Qxa5
Nxa5 15. O-O-O Bb7 16. f3 Rhc8 17. Be2 Nc6 18. Kb1 Rc7 19. Rhe1 Rac8 20. c3 Ne5
21. f4 Bxe4+ 22. Ka1 Nc6 23. Bg4 Kf8 24. g3 f5 25. Be2 d5 26. g4 b4 27. gxf5
bxc3 28. bxc3 Na5 29. fxe6 fxe6 30. Bg4 Kf7 31. f5 Rxc3 32. fxe6+ Ke7 33. Nxd5+
Bxd5 34. Rxd5 Rc1+ 35. Rxc1 Rxc1+ 36. Kb2 Rg1 37. Rd7+ Kf6 38. e7 Re1 39. Rd6+
Kxe7 40. Rxa6 Nc4+ 41. Kc3 Nd6 42. Ra7+ Kf6 43. Ra6 Ke5 44. Ra5+ Kf4 45. h3 Ne4+
46. Kb2 Nf2 47. Rf5+ Kg3 48. Rf3+ Kg2 49. a4 Nd1+ 50. Kb3 Ne3 51. Rf8 Kg3 52. a5
Ra1 53. Rf3+ Kg2 54. Rxe3 Rxa5 55. Kb4 Ra1 56. Be6 Rf1 57. Kc4 Kf2 58. Re5 Rc1+
59. Kd5 Kg3 60. Re3+ Kf2 61. Ra3 Rd1+ 62. Ke5 Re1+ 63. Kf6 Kg2 64. Bf5 h5 65.
Ra2+ Kg3 66. Ra3+ Kh4 67. Ra4+ Kg3 68. h4 Rh1 69. Kg6 Rxh4 70. Ra3+ Kf4 71. Be6
Rh2 72. Ra4+ Kg3 73. Kg5 h4 74. Ra3+ Kg2 75. Kg4 h3 76. Bd5+ Kf2 77. Ra2+ Kg1
78. Ra1+ Kf2 79. Ra3 Rg2+ 80. Kxh3 Rg7 81. Rf3+ Ke1 82. Rf5 Ke2 83. Bf3+ Ke3 84.
Bg4 Ke4 85. Rh5 Kf4 86. Rf5+ Ke3 87. Kg3 Ke4 88. Rf3 Ke5 89. Rf1 Ke4 90. Re1+
Kd3 91. Kf4 Rf7+ 92. Bf5+ Kd2 93. Re6 Kc3 94. Ke4 Kc4 95. Rc6+ Kb5 96. Rc1 Re7+
97. Kd5 Kb4 98. Bd3 Rd7+ 99. Ke4 Rd6 100. Rc4+ Kb3 101. Rc8 Kb2 102. Ke3 Kb3
103. Kd2 Kb4 104. Rc4+ Kb5 105. Kc3 Rc6 106. Rxc6+ Kxc6 1/2-1/2

[Event "Titled Tue 3rd Jan Late"]
[Site "chess.com INT"]
[Date "2025.06.03"]
[Round "7"]
[White "Lacasa Diaz, Josep Anton"]
[Black "Radchenko, Alexey"]
[Result "1-0"]
[WhiteTitle "IM"]
[BlackTitle "FM"]
[WhiteElo "2304"]
[BlackElo "2293"]
[WhiteFideId "2203375"]
[BlackFideId "4192362"]
[EventDate "2025.06.03"]

1. e4 c6 2. d4 d5 3. e5 c5 4. c4 Nc6 5. Nf3 Bg4 6. cxd5 Nxd4 7. Nxd4 Bxd1 8.
Bb5+ Qd7 9. Bxd7+ Kxd7 10. e6+ fxe6 11. dxe6+ Kd8 12. Kxd1 cxd4 13. Ke2 Kc7 14.
Bf4+ Kc6 15. Nd2 Nf6 16. Kd3 h6 17. Rac1+ Kb6 18. Be5 g5 19. Bxd4+ Ka6 20. Rc4
b5 21. Rc6+ Kb7 22. Rhc1 Rd8 23. Rc7+ Kb8 24. Nb3 Bg7 25. Ke2 Rd6 26. Bxa7+ Ka8
27. Bc5 Rxe6+ 28. Kf1 Ne4 29. Bxe7 Bxb2 30. R1c2 Be5 31. Rd7 b4 32. f3 Nc3 33.
Rcd2 Bf4 34. R2d4 Nxa2 35. R4d5 Rc8 36. Ra5+ Kb8 37. Nc5 Rxc5 38. Rxc5 b3 39.
Rb5+ Kc8 40. Rd8+ Kc7 41. Rxb3 Rxe7 42. Rd4 Nc1 43. Rc4+ Kd6 44. Rbc3 Ne2 45.
Rd3+ Ke5 46. Re4+ Kf6 47. Rxe7 Kxe7 48. Kxe2 Bxh2 49. g4 Bf4 50. Rd5 Kf7 51.
Rf5+ Kg7 52. Kd3 Bd6 53. Ke4 Bf8 54. Kd5 Ba3 55. Ke6 Bb2 56. Rf7+ Kg6 57. Rf5
Bc3 58. Kd5 Bb2 59. Ke4 Ba1 60. f4 gxf4 61. Kxf4 Bf6 62. Kf3 Bg5 63. Rb5 Bf6 64.
Kf4 Bg5+ 65. Ke4 Bf6 66. Kf3 Bg5 67. Rb6+ Bf6 68. Ra6 Kg5 69. Kg3 Be5+ 70. Kf3
Bf6 71. Ra5+ Kg6 72. Rb5 Be7 73. Kf4 Bd6+ 74. Ke4 Be7 75. Rb6+ Kg5 76. Kf3 Bf6
77. Rb5+ Kg6 78. Kf4 Bg5+ 79. Ke4 Bf6 80. Rd5 Be7 81. Rf5 Bf6 82. Kd5 Bc3 83.
Ke6 Bg7 84. Ke7 Bd4 85. Kf8 Bf6 86. Kg8 Bd4 87. Rd5 Bf6 88. Kf8 Bc3 89. Rh5 Bf6
90. Ke8 Bg7 91. Kd7 Bf6 92. Ke6 Bg5 93. Rh3 Bd2 94. Rh5 Bg5 95. Kd5 Bf4 96. Ke4
Bg5 97. Kf3 Bf6 98. Rf5 Bg5 99. Ke4 Bf6 100. Rc5 Bg7 101. Kf4 Bf6 102. Rc6 Kg7
103. Kf5 Bd4 104. Rg6+ Kh7 105. Rd6 Be3 106. Rd7+ Kg8 107. Kg6 Kf8 108. Rh7 Kg8
109. Rg7+ Kf8 110. Rh7 Kg8 111. Rxh6 Bxh6 112. Kxh6 Kh8 113. Kg6 Kg8 114. g5 Kh8
115. Kf7 Kh7 116. g6+ Kh6 117. g7 Kh7 118. g8=Q+ Kh6 119. Qg4 Kh7 120. Qh4# 1-0

[Event "Titled Tue 3rd Jan Late"]
[Site "chess.com INT"]
[Date "2025.06.03"]
[Round "8"]
[White "Petrenko, Maryna"]
[Black "Annaberdiyev, Babageldi"]
[Result "0-1"]
[WhiteTitle "WFM"]
[BlackTitle "FM"]
[WhiteElo "2116"]
[BlackElo "2208"]
[WhiteFideId "14197820"]
[BlackFideId "14000385"]
[EventDate "2025.06.03"]

1. d4 e6 2. c4 f5 3. Nf3 Nf6 4. g3 d5 5. Bg2 c6 6. O-O Bd6 7. Nc3 O-O 8. Rb1 a5
9. a3 Qe7 10. Bf4 Nbd7 11. Bxd6 Qxd6 12. b4 axb4 13. axb4 Ne4 14. c5 Qe7 15. b5
Nxc3 0-1

[Event "Titled Tue 3rd Jan Late"]
[Site "chess.com INT"]
[Date "2025.06.03"]
[Round "8"]
[White "Saidov, Bilukhadzh"]
[Black "Orshonova, Elena"]
[Result "1-0"]
[WhiteTitle "FM"]
[BlackTitle "WFM"]
[WhiteElo "2309"]
[BlackElo "1948"]
[WhiteFideId "34165476"]
[BlackFideId "24174750"]
[EventDate "2025.06.03"]

1. d4 d5 2. Nf3 Nf6 3. Bf4 g6 4. e3 Bg7 5. h3 O-O 6. c4 c6 7. Nc3 Nbd7 8. Rc1
Ne4 9. cxd5 Nxc3 10. Rxc3 cxd5 11. Bc7 Qe8 12. Be2 a6 13. O-O b5 14. Qb3 Bb7 15.
Rfc1 Nf6 16. a4 Ne4 17. R3c2 Nd6 18. Bxd6 exd6 19. axb5 axb5 20. Bxb5 Qe4 21.
Bd3 Qe7 22. Rc7 1-0

[Event "Titled Tue 3rd Jan Late"]
[Site "chess.com INT"]
[Date "2025.06.03"]
[Round "8"]
[White "Ferraz, Michel Liah"]
[Black "Jing, Andrew"]
[Result "0-1"]
[BlackTitle "FM"]
[WhiteElo "1998"]
[BlackElo "2254"]
[WhiteFideId "22743219"]
[BlackFideId "30984076"]
[EventDate "2025.06.03"]

1. d4 Nf6 2. c4 e6 3. Nc3 Bb4 4. Qc2 c5 5. e3 O-O 6. Nf3 d5 7. a3 Bxc3+ 8. bxc3
Nc6 9. Bb2 b6 10. cxd5 exd5 11. Bd3 c4 12. Be2 Re8 13. O-O Ne4 14. Nd2 Bf5 15.
Qd1 Nxd2 16. Qxd2 Na5 17. f3 Nb3 18. Qd1 Nxa1 19. Bxa1 Rxe3 20. f4 Qe7 21. Bf3
Be4 22. Bg4 f5 23. Qc1 Bd3 24. Bf3 Bxf1 25. Bxd5+ Kh8 26. Bxa8 Re1 27. Qd2 Bd3+ 0-1

[Event "Titled Tue 3rd Jan Late"]
[Site "chess.com INT"]
[Date "2025.06.03"]
[Round "8"]
[White "Akhayan, Ruben"]
[Black "Loya Ibarra, Rigoberto"]
[Result "1-0"]
[WhiteTitle "FM"]
[WhiteElo "2265"]
[BlackElo "2069"]
[WhiteFideId "204439"]
[BlackFideId "5110688"]
[EventDate "2025.06.03"]

1. Nf3 c5 2. c3 Nc6 3. d4 cxd4 4. cxd4 d5 5. Nc3 Bg4 6. Ne5 Bc8 7. e4 Nxe5 8.
dxe5 dxe4 9. Qxd8+ Kxd8 10. Nxe4 f5 11. Ng5 Nh6 12. Bf4 e6 13. O-O-O+ Ke8 14.
Bb5+ Ke7 15. Be3 b6 16. Bc6 Rb8 17. Rd2 Nf7 18. Nxf7 Kxf7 19. Rd8 g6 20. Be8+
Ke7 21. Bg5# 1-0

[Event "Titled Tue 3rd Jan Late"]
[Site "chess.com INT"]
[Date "2025.06.03"]
[Round "8"]
[White "Lyakh, Vasiliy"]
[Black "Serban, Cristian-Stefan"]
[Result "1-0"]
[BlackTitle "FM"]
[WhiteElo "2116"]
[BlackElo "2332"]
[WhiteFideId "14189828"]
[BlackFideId "1241443"]
[EventDate "2025.06.03"]

1. d4 g6 2. e4 Bg7 3. Nc3 d6 4. Nf3 Nf6 5. Be3 Nc6 6. Qd2 O-O 7. O-O-O a6 8. d5
Ne5 9. Nxe5 dxe5 10. h4 h5 11. f3 e6 12. d6 cxd6 13. Qxd6 Qa5 14. Bb6 Ne8 15.
Qxf8+ Bxf8 16. Bxa5 Bc5 17. Na4 Be3+ 18. Kb1 b5 19. Nb6 Rb8 20. Rd8 Bxb6 21.
Bxb6 1-0

[Event "Titled Tue 3rd Jan Late"]
[Site "chess.com INT"]
[Date "2025.06.03"]
[Round "8"]
[White "Rojas Alarcon, Julian Antonio"]
[Black "Thorhallsson, Simon"]
[Result "1-0"]
[WhiteTitle "FM"]
[BlackTitle "FM"]
[WhiteElo "2365"]
[BlackElo "2218"]
[WhiteFideId "5107407"]
[BlackFideId "2310090"]
[EventDate "2025.06.03"]

1. d4 g6 2. Nc3 Bg7 3. Bf4 d6 4. e4 Nc6 5. d5 Ne5 6. Qd2 e6 7. Be2 exd5 8. exd5
c5 9. dxc6 bxc6 10. Nf3 Qe7 11. O-O-O d5 12. Nxe5 Bxe5 13. Bxe5 Qxe5 14. Rhe1
Be6 15. Bb5 Qd6 16. Qd4 cxb5 17. Qxh8 O-O-O 18. Qd4 Qa6 19. a3 Ne7 20. Qc5+ Nc6
21. Nxd5 1-0

[Event "Titled Tue 3rd Jan Late"]
[Site "chess.com INT"]
[Date "2025.06.03"]
[Round "8"]
[White "Harriott, Tyrell"]
[Black "Tilahun, Abel Mathewos"]
[Result "1-0"]
[BlackTitle "CM"]
[WhiteElo "1924"]
[BlackElo "1944"]
[WhiteFideId "2086484"]
[BlackFideId "15702391"]
[EventDate "2025.06.03"]

1. d4 Nf6 2. e3 g6 3. Bd3 Bg7 4. f4 O-O 5. Nf3 d6 6. O-O c5 7. c3 b6 8. Qe1 Ba6
9. Bxa6 Nxa6 10. e4 Rc8 11. f5 Nd7 12. fxg6 fxg6 13. Be3 h6 14. Qg3 Kh7 15. Nbd2
e6 16. Qh3 Nc7 17. Rf2 Qe7 18. Raf1 Rce8 19. Bg5 Qf7 20. Bxh6 1-0

[Event "Titled Tue 3rd Jan Late"]
[Site "chess.com INT"]
[Date "2025.06.03"]
[Round "8"]
[White "Baltabaev, Temirlan"]
[Black "Flynn, Jacob"]
[Result "1-0"]
[WhiteTitle "FM"]
[BlackTitle "CM"]
[WhiteElo "2295"]
[BlackElo "2271"]
[WhiteFideId "4112172"]
[BlackFideId "2509393"]
[EventDate "2025.06.03"]

1. d4 d5 2. Nf3 e6 3. c4 Nf6 4. g3 Bb4+ 5. Bd2 Be7 6. Bg2 O-O 7. O-O Nbd7 8. Qc2
Ne4 9. Rd1 c6 10. Nc3 f5 11. e3 b6 12. Ne1 Bb7 13. b3 g5 14. f3 Nxd2 15. Qxd2 h5
16. Nd3 Bd6 17. e4 g4 18. e5 Be7 19. Qh6 Qe8 20. Qxe6+ Kg7 21. Nf4 Nc5 22. dxc5
Bc8 23. Nxh5+ Qxh5 24. Qxe7+ Rf7 25. Qh4 Qg6 26. cxd5 Ba6 27. dxc6 Rh8 28. Rd6
Rxh4 29. Rxg6+ Kxg6 30. gxh4 bxc5 31. fxg4 fxg4 32. Be4+ Kh5 33. Nd5 Kxh4 34. e6
Rf8 35. e7 Re8 36. Bg6 1-0

[Event "Titled Tue 3rd Jan Late"]
[Site "chess.com INT"]
[Date "2025.06.03"]
[Round "8"]
[White "Mizzi, Jack"]
[Black "Khodabandeh, Milad"]
[Result "1-0"]
[WhiteTitle "CM"]
[BlackTitle "CM"]
[WhiteElo "2086"]
[BlackElo "1957"]
[WhiteFideId "5602521"]
[BlackFideId "12538620"]
[EventDate "2025.06.03"]

1. d4 d5 2. c4 c6 3. Nf3 Nf6 4. Nbd2 Bf5 5. Nh4 Bc8 6. e3 e6 7. Bd3 Nbd7 8. f4
Be7 9. O-O O-O 10. Nhf3 c5 11. b3 cxd4 12. exd4 b6 13. Bb2 Bb7 14. f5 exf5 15.
Bxf5 Re8 16. Ne5 g6 17. Bxd7 Nxd7 18. Nxf7 Qc7 19. Nh6+ Kg7 20. Rf7+ Kxh6 21.
Bc1 Bg5 22. Nf3 Be3+ 23. Bxe3+ Rxe3 24. Qd2 Re8 25. Re1 g5 26. Rxe3 Rxe3 27.
Qxe3 Qd8 28. Qe6+ 1-0

[Event "Titled Tue 3rd Jan Late"]
[Site "chess.com INT"]
[Date "2025.06.03"]
[Round "8"]
[White "Alazmi, Amani"]
[Black "Ngo, Quang Thai"]
[Result "1-0"]
[WhiteTitle "WCM"]
[WhiteElo "1725"]
[BlackElo "2341"]
[WhiteFideId "10303553"]
[BlackFideId "12403768"]
[EventDate "2025.06.03"]

1. c4 e6 2. e4 c5 3. Nf3 Nc6 4. d4 cxd4 5. Nxd4 Nf6 6. Nc3 Bb4 7. Nxc6 bxc6 8.
Bd2 e5 9. Bd3 O-O 10. O-O d6 11. Qa4 Qb6 12. Be3 Bc5 13. Bxc5 Qxc5 14. a3 Be6
15. Rac1 Qb6 16. b4 Rfc8 17. c5 dxc5 18. bxc5 Qxc5 19. Nd5 Qxc1 20. Nxf6+ 1-0

[Event "Titled Tue 3rd Jan Late"]
[Site "chess.com INT"]
[Date "2025.06.03"]
[Round "8"]
[White "Ferriz Barrios, Andres"]
[Black "Crispin Ferreras, Darvi Abraham"]
[Result "1-0"]
[WhiteTitle "FM"]
[BlackTitle "CM"]
[WhiteElo "2102"]
[BlackElo "2124"]
[WhiteFideId "5104467"]
[BlackFideId "6402771"]
[EventDate "2025.06.03"]

1. d4 Nf6 2. Nf3 e6 3. e3 b6 4. Nbd2 Bb7 5. Bd3 d5 6. Ne5 a6 7. O-O c5 8. b3 Nc6
9. Nxc6 Bxc6 10. Bb2 Be7 11. Qe2 Bb7 12. Rac1 O-O 13. Rfd1 Rc8 14. c4 dxc4 15.
Nxc4 Qc7 16. dxc5 bxc5 17. e4 Qf4 18. f3 Rfd8 19. Be5 Qh6 20. g3 Nd7 21. Bd6
Bxd6 22. Nxd6 Ne5 23. Nxc8 Rxd3 24. Rxd3 Nxd3 25. Rd1 Bxc8 26. Qxd3 1-0

[Event "Titled Tue 3rd Jan Late"]
[Site "chess.com INT"]
[Date "2025.06.03"]
[Round "8"]
[White "Perry, Patrick"]
[Black "Guo, Felix"]
[Result "0-1"]
[WhiteElo "2296"]
[BlackElo "2078"]
[WhiteFideId "30917727"]
[BlackFideId "30997550"]
[EventDate "2025.06.03"]

1. e4 e5 2. Nf3 Nf6 3. Nxe5 Nxe4 4. Qe2 Qe7 5. Qxe4 d6 6. d4 dxe5 7. Qxe5 Qxe5+
8. dxe5 Bf5 9. c3 Nd7 10. f4 Bc5 11. Nd2 O-O-O 12. Nb3 Rhe8 13. Nd4 Be4 14. Be3
f6 15. e6 Nb6 16. Kf2 Nd5 17. Bc4 Bxd4 18. Bxd4 Nxf4 19. Rhe1 Bxg2 20. Kg3 Bd5
21. Kxf4 Bxc4 22. h4 Rxe6 23. Rxe6 Bxe6 24. h5 Kd7 25. Rg1 Rg8 26. h6 g5+ 27.
Ke4 Rg6 28. Rh1 c6 29. Bxa7 Bd5+ 0-1